Score 0/18 Timer 03:00
0 Plays Today
% Correct
Yellowstone National Park
79.7%
North Platte River
74.4%
Great Divide Basin
72.8%
Wind River
72.2%
Green River
71.3%
Big Horn Mountains
68.8%
Great Plains
67.5%
Wind River Range
63.4%
Grand Teton National Park
62.2%
% Correct
Snake River
58.8%
Absaroka Range
56.9%
Black Hills
56.3%
Bighorn River
48.1%
Cheyenne River
45.3%
Laramie Mountains
45%
Medicine Bow Mountains
44.1%
Belle Fourche River
39.4%
Wyoming Range
36.3%
Remove Ads.
Support Sporcle.
Get the best of Sporcle when you Go Orange. This ad-free experience offers more features, more stats, and more fun while also helping to support Sporcle. Thank you for becoming a member.

You're not logged in!

Compare scores with friends on all Sporcle quizzes.
OR
Log In

Show Comments

Extras

Top Quizzes Today


Score Distribution

Your Account Isn't Verified!

In order to create a playlist on Sporcle, you need to verify the email address you used during registration. Go to your Sporcle Settings to finish the process.

Report this User

Report this user for behavior that violates our Community Guidelines.

Details: